000 00244nam a22000977a 4500
008 241128b |||||||| |||| 00| 0 eng d
020 _a9781974718719
100 _aAkutami Gege
_97692
245 _aJujutsu Kaisen-8
260 _aItaly
_bShueisha
_c2024
999 _c12707
_d12707